00627 2200217 4500001002100000005001500021035002000036007000300056008004100059020002200100082001900122084002500141100003000166245005100196250002000247260006200267300003200329650002200361650001000383990001600393INLIS00000000000037420250710104131 a0010-0725000374ta250710 a 0 ind  a978-623-307-034-8 a398.209 598 23 a398.209 598 23 RAM k0 aRamadiansyah, Dzulqornain1 aKawanku Anak Badui /cDzulqirnain Ramadiansyah aCetakan Pertama aJakarta :bBadan Pengembangan dan Pembinaan Bahasa,c2029 a24 hlm. :bIlus. ;c29,7 cm 4aCERITA ANAK-BADUI 4aKOMIK aTBM02650265